000 00649cam a22002293a 4500
001 22719
003 PGUSA
005 20140828083502.0
008 070922s2007||||xxu|||||s|||||000 | eng d
040 _aPGUSA
_beng
042 _adc
050 4 _aF590.3
100 1 _aHansen, Marcus Lee,
_d1892-1938
245 1 0 _aOld Fort Snelling :
_b1819-1858
_h[electronic resource] /
_cMarcus Lee Hansen
260 _bProject Gutenberg,
_c2007
506 _aPublic domain in the USA.
516 _aElectronic text
653 _aFort Snelling (Minn.)
830 0 _aProject Gutenberg
_v22719
856 4 0 _uhttp://www.gutenberg.org/ebooks/22719
942 _cEB
999 _c251974
_d251974